000 00474nab a2200145Ia 4500
003 ES-SlBCS
005 20210601125346.0
008 140529s1984-1985xu||||| |||| 00| 0 eng d
041 _aeng
100 1 _aAlexander, Peter
_9157192
245 0 0 _aIncongruent Counterpars and Absolute Space
_c Peter Alexander
650 0 4 _aGeometría-Espacio Absoluto
_9157287
773 0 _tProceedings of the Aristotelian Society
_gvol. 85, nº. 1, 1984-1985, págs. 1-22
_wRev837
942 _cAR
999 _c529082
_d529082